MARC details
| 000 -CABECERA |
| campo de control de longitud fija |
00986nam a2200217 a 4500 |
| 001 - NÚMERO DE CONTROL |
| campo de control |
000029292 |
| 005 - FECHA Y HORA DE LA ÚLTIMA TRANSACCIÓN |
| campo de control |
20200930055444.0 |
| 008 - DATOS DE LONGITUD FIJA--INFORMACIÓN GENERAL |
| campo de control de longitud fija |
090706s2009 dr a r 000 0 spa d |
| 040 ## - FUENTE DE LA CATALOGACIÓN |
| Centro catalogador/agencia de origen |
DO-SdBNP |
| Lengua de catalogación |
spa |
| Centro/agencia transcriptor |
BNPHU |
| 082 ## - NÚMERO DE LA CLASIFICACIÓN DECIMAL DEWEY |
| Número de clasificación |
363.1063 |
| Número de documento/Ítem |
R426e, 2009 |
| 110 1# - ENTRADA PRINCIPAL--NOMBRE DE ENTIDAD CORPORATIVA |
| Nombre de entidad corporativa o nombre de jurisdicción como elemento de entrada |
República Dominicana. |
| Unidad subordinada |
Ayuntamiento del Distrito Nacional. |
| 9 (RLIN) |
9535 |
| 245 10 - MENCIÓN DE TÍTULO |
| Título |
Encuesta del gobierno de la seguridad : |
| Resto del título |
Zona Colonial / |
| Mención de responsabilidad, etc. |
presentación Roberto Salcedo. |
| 260 ## - PUBLICACIÓN, DISTRIBUCIÓN, ETC. |
| Lugar de publicación, distribución, etc. |
Santo Domingo : |
| Nombre del editor, distribuidor, etc. |
ADN, |
| Fecha de publicación, distribución, etc. |
2009. |
| 300 ## - DESCRIPCIÓN FÍSICA |
| Extensión |
121 p. : |
| Otras características físicas |
il., gráf. ; |
| Dimensiones |
22 cm. |
| 590 ## - NOTA LOCAL (RLIN) |
| Nota local |
Inventariado, 2018/BT |
| 650 #4 - PUNTO DE ACCESO ADICIONAL DE MATERIA--TÉRMINO DE MATERIA |
| Término de materia o nombre geográfico como elemento de entrada |
Seguridad ciudadana |
| Subdivisión geográfica |
Santo Domingo (República Dominicana{Rpara} |
| Subdivisión general |
Encuestas |
| 9 (RLIN) |
6507 |
| 650 #4 - PUNTO DE ACCESO ADICIONAL DE MATERIA--TÉRMINO DE MATERIA |
| Término de materia o nombre geográfico como elemento de entrada |
Administración municipal |
| Subdivisión geográfica |
Santo Domingo (República Dominicana{Rpara} |
| Subdivisión general |
Medidas de seguridad |
| 9 (RLIN) |
6508 |
| 700 12 - PUNTO DE ACCESO ADICIONAL--NOMBRE DE PERSONA |
| Nombre de persona |
Salcedo Gavilán, Roberto |
| 9 (RLIN) |
6509 |
| 710 1# - PUNTO DE ACCESO ADICIONAL--NOMBRE DE ENTIDAD CORPORATIVA |
| Nombre de entidad corporativa o nombre de jurisdicción como elemento de entrada |
Santo Domingo (República Dominicana). |
| Unidad subordinada |
Ayuntamiento del Distrito Nacional. Observatorio ciudadano. |
| 9 (RLIN) |
56180 |
| 910 ## - DATOS DE OPCIÓN DEL USUARIO (OCLC) |
| Datos de opción del usuario |
Validado. Control de calidad. EMS |